000 00284nam a2200109Ia 4500
008 190216s9999||||xx |||||||||||||| ||und||
100 _aBageerathi Amma Thamburan Raghava Varma
245 2 _aA R Raja Raja Varma Vol Iii
260 _bCurrent Books
650 _aNiroopanam
942 _cBK
999 _c23904
_d23904